00383nam a2200145Ia 4500008004100000020001800041041000800059082001900067100001700086245004400103260002000147300002700167365001600194700002700210230718s9999 xx 000 0 und d a0-333-63719-4 aeng a621.382'2bTER aTerrell T.T. aDigital Signal Processing Student Guide c1996bMacmillan a326dRef 598 E (11731) cRs.b700.00 aTerrell T.T. & Link K.